|
|
|
|
| LEADER |
00883nmm a2200229 a 4500 |
| 001 |
0000070126 |
| 005 |
20100322090000.0 |
| 040 |
|
|
|a mod
|
| 041 |
|
|
|a eng
|
| 020 |
0 |
0 |
|a 0071361332
|
| 090 |
0 |
0 |
|a 629.1346
|b HES
|e 2001
|
| 100 |
1 |
0 |
|a Hessburg
|h Jack.
|
| 245 |
1 |
0 |
|a Air carrier MRO handbook
|b maintenance, repair, and overhaul
|c Jack Hessburg.
|
| 260 |
0 |
0 |
|a New York
|b McGraw-Hill
|c 2001
|
| 300 |
0 |
0 |
|a xvi, 400 p.
|b ill.
|c 24 cm + 1 computer optical disc (4 3/4 in.)
|
| 500 |
0 |
0 |
|a Includes bibliographical references and index
|
| 650 |
0 |
0 |
|a Airlines
|z United States
|
| 650 |
0 |
0 |
|a Airplanes
|x Maintenance and repair
|
| 852 |
0 |
0 |
|a 01
|
| 999 |
|
|
|a 02007
|b KEMENTAH
|d COMPACT DISC
|e Rujukan
|f Perpustakaan KEMENTAH
|j AVAILABLE
|q GOOD CONDITION
|
| 999 |
|
|
|a 0220543
|b KEMENTAH
|d BOOKS
|e Rujukan
|f Perpustakaan KEMENTAH
|j AVAILABLE
|q GOOD CONDITION
|
| 999 |
|
|
|a 0252340
|b KTU
|d BOOKS
|e Rujukan
|f KTU
|j AVAILABLE
|q GOOD CONDITION
|